=LDR 00000nam 2200000 4500 =001 000910 =005 20250712122654 =035 ##$$a 0010-0725000788 =007 ta =008 250712################a##########0#ind## =020 ##$$a 978-623-307-047-8 =082 ##$$a 398.209 598 =084 ##$$a 398.209 598 DZU c =100 #$$a Dzulqornain ramadiansyah =245 1#$$a Cerita dini /$c Dzulqornain ramadiansyah =250 ##$$a Cetakan kedua =260 ##$$a Rawamangun :$b Badan pengembangan dan pembinaan bahasa,$c 2020 =300 ##$$a 28 hlm. : $b Ilus. ; $c 29,7cm =650 #4$$a Cerita anak-indonesia